Sexualidad, derechos humanos y ciudadanía: diálogos sobre un proyecto en construcción /
Guardado en:
| Autor principal: | |
|---|---|
| Otros Autores: | |
| Formato: | Desconocido |
| Lenguaje: | Spanish |
| Publicado: |
México :
El Colegio de México,
|
| Acceso en línea: | www.colmex.mx |
| Etiquetas: |
Agregar Etiqueta
Sin Etiquetas, Sea el primero en etiquetar este registro!
|
MARC
| LEADER | 00000 a2200000 04500 | ||
|---|---|---|---|
| 001 | 41901 | ||
| 003 | |||
| 008 | 050630s2008 mx spa d | ||
| 040 | |||
| 020 | |a 968-12-1327-0 | ||
| 090 | |a 1003 S996s | ||
| 100 | |a Szasz, Ivone | ||
| 245 | |a Sexualidad, derechos humanos y ciudadanía: diálogos sobre un proyecto en construcción / |c Ivone Szasz, Guadalupe Salas ; coordinadoras | ||
| 260 | |a México : |b El Colegio de México, | ||
| 300 | |a 432 páginas | ||
| 700 | |a Salas, Guadalupe; coordinadora | ||
| 856 | |u www.colmex.mx | ||
| 999 | |c 13005 |d 13005 | ||



